| 000 | 00494cam a2200157 4500500 | ||
|---|---|---|---|
| 005 | 20260329003922.0 | ||
| 041 | _afre | ||
| 042 | _adc | ||
| 245 | 0 | 0 | _aTenir - Douleur chronique et réinvention de soi |
| 260 | _c2017. | ||
| 500 | _a5 | ||
| 690 | _aDavid Le Breton | ||
| 690 | _aDouleur | ||
| 786 | 0 | _nPhilosophie magazine | 110 | 6 | 2017-06-01 | p. 51-51 | 1951-1787 | |
| 856 | 4 | 1 | _uhttps://shs.cairn.info/magazine-philosophie-magazine-2017-6-page-51?lang=fr&redirect-ssocas=7080 |
| 999 |
_c1828957 _d1828957 |
||